| 000 | 00551nam a2200169 i 4500 | ||
|---|---|---|---|
| 001 | 146827 | ||
| 003 | ES-MaACL | ||
| 005 | 20230906201702.0 | ||
| 007 | t| | ||
| 008 | 070918s1935 sp ||||1| spa d | ||
| 100 | 1 |
_aTruchy, Henri. _9111542 |
|
| 245 | 1 | 0 |
_aTratado elemental de economía política / _cHenri Truchy ; traducción de la 4ª edición francesa y notas sobre economía española por Gabriel Franco. |
| 260 |
_aMadrid : _bReus, _c1935. |
||
| 300 |
_a849 p. ; _c23 cm. |
||
| 700 | 1 |
_aFranco, Gabriel. _952223 |
|
| 852 |
_aES-MaACL _jA-3820 |
||
| 999 |
_c146827 _d146827 |
||